Les 20 meilleurs passeurs en 2022/23. - Statistiques

Statistiques générales
  • Ce quiz a été pris 302 fois
  • Le résultat moyen est 11 sur 20
Statistiques - réponses
Passes
décisives
Joueurs Clubs % Correct
30 Kevin De Bruyne Man City
98%
25 Lionel Messi PSG
97%
22 Antoine Griezmann Atletico
95%
19 Mohamed Salah Liverpool
93%
18 Neymar PSG
93%
21 Vinicius Junior Real
91%
14 Kylian Mbappe PSG
85%
19 Bruno Fernandes Man United
81%
15 Jamal Musiala Bayern
52%
14 Randal Kolo Muani Eintracht
49%
15 Riyad Mahrez Man City
46%
14 Khvicha Kvaratskhelia Napoli
32%
14 Raphinha Barca
31%
13 Jonathan Clauss Marseille
26%
13 Branco Van Den Boomen Toulouse
23%
16 Raphael Guerreiro Dortmund
22%
14 Andrew Robertson Liverpool
21%
15 Ivan Perisic Tottenham
13%
15 Filip Kostic Juve
12%
14 Dominik Szoboszlai Leipzig
10%
Aucun quiz correspondant
Distribution des résultats
% des personnes avec chaque résultat
Percentile par nombre de réponses
Votre historique - résultats
Vous n’avez pas pris ce quiz